000 00342nam a22001697a 4500
003 UA-OsUOA
001 3010
007 ta
008 20050721b un ||||| |||| 00| 0 ukr d
100 _aMichaux
700 _aHenri
942 _cBK
040 _aUA-OsUOA
_cUA-OsUOA
_dUA-OsUOA
245 _aAilleurs.
_bFrench
955 _a2
650 7 _2UDC
999 _c289172
_d289172